Loading...
| Science - Other | 0 | 6 | 2 | 3 | 50 | 51 | 93.83 | 2 | 5 | 14.61 | 36.00 |
| Social Science | 0 | 4 | 0 | 0 | 40 | 74 | 83.75 | 0 | 1 | 8.64 | 14.00 |
| Fine Arts - Painting and Sculpture | 0 | 3 | 0 | 0 | 30 | 97 | 111.67 | 0 | 1 | 2.36 | 10.00 |
| Science - Biology | 0 | 3 | 0 | 1 | 30 | 96 | 102.33 | 0 | 1 | 2.15 | 6.00 |
| Science - Physics | 0 | 3 | 2 | 0 | 20 | 57 | 67.00 | 2 | 3 | 13.11 | 28.00 |
| Philosophy | 0 | 2 | 0 | 1 | 20 | 125 | 126.00 | 1 | 2 | 0.00 | 6.00 |
| History - European | 0 | 2 | 1 | 0 | 15 | 72 | 77.00 | 0 | 2 | 7.18 | 14.00 |
| History - American | 0 | 2 | 1 | 2 | 15 | 125 | 125.50 | 0 | 0 | 0.00 | 4.00 |
| Fine Arts - Classical Music | 0 | 1 | 0 | 0 | 10 | 101 | 101.00 | 1 | 1 | 1.65 | 10.00 |
| Popular Culture | 0 | 1 | 0 | 0 | 10 | 39 | 39.00 | 0 | 0 | 35.23 | 20.00 |
| Other Academic | 0 | 0 | 0 | 0 | 0 | 0.00 | 0 | 0 | 0.00 | 0.00 | |
| Fine Arts - Other | 0 | 0 | 0 | 0 | 0 | 0.00 | 0 | 0 | 0.00 | 0.00 | |
| History - Other | 0 | 1 | 2 | 0 | 0 | 135 | 135.00 | 0 | 0 | 0.43 | 4.00 |
| History - World | 0 | 2 | 4 | 0 | 0 | 47 | 72.00 | 1 | 2 | 8.95 | 16.00 |
| Science - Chemistry | 0 | 0 | 1 | 0 | -5 | 0.00 | 0 | 0 | 0.00 | 0.00 | |
| Religion | 0 | 0 | 1 | 0 | -5 | 0.00 | 0 | 0 | 0.00 | 0.00 | |
| Current Events | 0 | 0 | 1 | 0 | -5 | 0.00 | 0 | 0 | 0.00 | 0.00 |